| 000 | 00794nam a22002537a 4500 | ||
|---|---|---|---|
| 003 | dpl | ||
| 005 | 20180531134924.0 | ||
| 008 | 180531b xxu||||| |||| 00| 0 eng d | ||
| 010 | _aB-059416 | ||
| 020 |
_c00.00 _a818749834 |
||
| 035 | _aB-059416, B-059420 | ||
| 037 | _bCen Lib/Ret | ||
| 040 |
_aDPL _bEN _c0 |
||
| 082 |
_a364.1323 _bJAI |
||
| 100 |
_aJai, Janak Raj _95661 |
||
| 245 |
_aTehelka.com : _cby janak Raj Jai _btip of the iceberg / |
||
| 260 |
_aNew Delhi _bRegency publications _c2001 |
||
| 270 |
_bNew Delhi _a20/34, old market, west patel nagar |
||
| 300 |
_avii,109p. _c21cm(Hb) |
||
| 500 | _aIncludes appendix | ||
| 650 |
_aWeapons industry--Corrupt practices _9110076 |
||
| 650 |
_aPolitical corruption _95961 |
||
| 942 |
_2ddc _cEN _h364.1323 _mJAI |
||
| 999 |
_c126064 _d126064 |
||